Statistics for Newest National Constitutions

Click here to take the quiz!

General Stats

  • This quiz has been taken 20 times
  • The average score is 11 of 25

Answer Stats

Continent Date Adopted Nation % Correct
Africa9 July 2011South Sudan
82%
Asia20 September 2015Nepal
59%
South America7 February 2009Bolivia
59%
Africa25 November 2010Niger
59%
Africa3 August 2011Libya
59%
North America20 June 2012Haiti
53%
Asia29 May 2008Myanmar
53%
Africa26 January 2014Tunisia
53%
Africa18 January 2014Egypt
53%
Asia27 February 2012Syria
47%
Asia18 July 2008Bhutan
47%
South America20 February 2008Ecuador
47%
Asia6 April 2017Thailand
41%
Africa21 January 2010Angola
41%
Oceania6 September 2013Fiji
41%
Africa1 August 2012Somalia
41%
Asia7 August 2008Maldives
35%
Africa9 May 2013Zimbabwe
35%
Africa27 August 2010Kenya
35%
Asia27 June 2010Kyrgyzstan
35%
North America26 Janaury 2010Dominican Republic
29%
Europe18 April 2011Hungary
29%
Asia28 November 2013Vietnam
29%
Africa14 November 2010Madagascar
24%
Africa8 November 2016Ivory Coast
24%

Score Distribution

Percentile by Number Answered

Percent of People with Each Score

Your Score History

You have not taken this quiz